Amerigo Vespucci : un nombre para el Nuevo Mundo /

-д хадгалсан:
Номзүйн дэлгэрэнгүй
Үндсэн зохиолч: Varela Bueno, Consuelo (autor)
Формат: Ном
Хэл сонгох:испани
Цуврал:(Biblioteca Iberoamericana)
Нөхцлүүд:
Шошгууд: Шошго нэмэх
Шошго байхгүй, Энэхүү баримтыг шошголох эхний хүн болох!

MARC

LEADER 00000nam^a2200000^a^4500
001 000035661
005 20250521000000.0
009 20260310085320.814
020 |a 968-456-259-4 
037 |a Acervo ITESO - Biblioteca 
041 |a ESP 
082 |a 970. 019  |b VAR 
100 |a Varela Bueno, Consuelo  |e (autor) 
245 1 0 |a Amerigo Vespucci :  |b un nombre para el Nuevo Mundo /  |c C. Varela Bueno. 
264 |a México :  |b REI,  |c 1991 
300 |a 126 p. 
336 |a texto  |b txt  |2 rdacontenido 
337 |a sin mediación  |b n  |2 rdamedio 
338 |a volumen  |b nc  |2 rdasoporte 
440 1 |a (Biblioteca Iberoamericana) 
649 |a XX 
650 |a Exploradores y Viajeros Italianos -  |x Biografías 
650 |a América -  |x Historia -  |y Descubrimiento y Exploración 
910 |a Fondo General 
920 |a Impresos - Libros 
930 |a Colección General 
905 |a 101 
901 |a 0356610100  |b IT1  |c ACC  |i 035661  |u 20250521 
902 |a https://opac.biblio.iteso.mx/vufind/Record/000035661